Memurlar ve diğer kamu görevlilerinin yargılanması hakkında 4483 sayılı kanunun uygulanması (Record no. 8241)

MARC details
000 -BAŞLIK
Sabit Uzunlukta Kontrol Alanı 00927na a2200301 4500
001 - KONTROL NUMARASI
Denetim Alanı 22533
003 - KONTROL NUMARASI IDENTIFIER
Denetim Alanı MIRAKIL
005 - SON İŞLEM TARİHİ VE ZAMANI
Denetim Alanı 20181213155204.0
008 - SABİT-BOY VERİ ELEMANLARI - GENEL BİLGİLER
Sabit Uzunlukta Kontrol Alanı 170216b tu 000 0
035 ## - SİSTEM KONTROL NUMARASI
Sistem Kontrol Numarası 16938
040 ## - KATALOGLAMA KAYNAK
Orijinal Kataloglama Ajansı Milas
Kataloglama Dili tur
Metne Dönüştürmek Ajansı TR-AnCHP
041 ## - DİL KODU
Metin / Ses Parça Veya Ayrı Başlığın Dil Kodu tur
082 ## - DEWEY ONLU SINIFLANDIRMA NUMARASI
Sınıflandırma Numarası CHP 347
Ürün Numarası M35 [t.y.]
090 ## - SINIFLAMA NUMARASI
Sınıflama Numarası CHP 347 M35 [t.y.]
091 ## - MICROFILM RAF YER (AM) [OBSOLETE]
Mikrofilm Raf Yeri HUKUK 3
245 ## - BAŞLIK TABLOSU
Başlık Memurlar ve diğer kamu görevlilerinin yargılanması hakkında 4483 sayılı kanunun uygulanması
Sorumluluk Tablosu, Vb [derleyen] CHP
260 ## - YAYIN, DAĞITIM, VB
Yayın, Dağıtım, Vb Yeri [Ankara]
Yayıncı, Dağıtıcı, Vs Adı [CHP]
Yayın, Dağıtım, Vb Tarihi [t.y.]
300 ## - FİZİKSEL TANIM
Kapsam 12 s.
Boyutlar 19 sm.
490 ## - SERİSİ TABLOSU
Seri Beyanı CHP yayınları
504 ## - KAYNAKÇA VB NOT
Kaynakça Vb Notu Kaynakça var.
610 ## - KONU KATMA GİRİŞ - TOPLANTI ADI
Giriş Elemanı Olarak Kurumsal Ad Veya Yargı Alanı Adı CHP
Genel Alt Bölüm Kamu görevlileri
Kronolojik Alt Bölüm Hukuk ve mevzuat
650 ## - KONU KATMA GİRİŞ - TOPİKAL DÖNEM
Topikal Süreli Veya Coğrafi Ad Giriş Elemanı Yargılama
Genel Alt Bölümü Devlet memurları
Coğrafi Alt Bölümü Türkiye
650 ## - KONU KATMA GİRİŞ - TOPİKAL DÖNEM
Topikal Süreli Veya Coğrafi Ad Giriş Elemanı Kamu görevlileri
Genel Alt Bölümü Hukuk ve mevzuat
Kronolojik Alt Bölümü Yargılama
650 ## - KONU KATMA GİRİŞ - TOPİKAL DÖNEM
Topikal Süreli Veya Coğrafi Ad Giriş Elemanı Personel kanunu
Genel Alt Bölümü Kamu görevlileri
Kronolojik Alt Bölümü Uygulamalar
710 ## - KATMA GİRİŞ - KURUMSAL ADI
Giriş Elemanı Olarak Kurumsal Ad Veya Yargı Alanı Adı CHP
942 ## - EKLENDİ GİRİŞ ELEMANLARI (KOHA)
Sınıflandırma Veya Raf Düzeni Kaynak Dewey Decimal Classification
Koha Öğesi Türü Books
999 ## - SİSTEM KONTROL NUMARALARI (KOHA)
Koha Biblionumber 8241
Koha Biblioitemnumber 8241
Holdings
Kalıcı Konum Mevcut Konum Edinme Tarihi Edinim Kaynak Toplam Check-Out'Lar Tam Çağrı Numarası Barkod Tarih Son Görülme İtibaren Geçerli Fiyatlar Koha Öğesi Türü
CHP Kütüphanesi CHP Kütüphanesi 02/16/2017 Bağış   CHP 347 M35 [t.y.] 016567 02/16/2017 02/16/2017 Books